000 00407nam a22001697a 4500
005 20180321112657.0
008 160511b xxu||||| |||| 00| 0 eng d
020 _a9788183501370
041 _aeng
082 _b1259
_a338.5024658
100 _aDhingra I.C.
_9443
245 _aMahagerial Economics
260 _bSultah chand & sons new
_c2002
300 _a21.56
650 _aManagement
_9241
942 _cBK
999 _c531
_d531